Jeux vidéos : d'où vient cette carte ? #3 - Statistiques

Statistiques générales
  • Ce quiz a été pris 53 fois
  • Le résultat moyen est 5 sur 21
Statistiques - réponses
Par images Hint Réponse % Correct
1980 Pac-Man
98%
2020 Animal Crossing : New Horizons
55%
2025 Clair Obscur : Expedition 33
40%
2015 Rainbow Six Siege
40%
2002 The Legend of Zelda The Wind Waker
36%
2012 Euro Truck Simulator 2
31%
1998 Resident Evil 2
31%
1997 Age of Empire
29%
2024 Farming Simulator 25
26%
2023 Marvel's Spider-Man 2
26%
2020 Cyberpunk 2077
21%
2002 Super Mario Sunshine
21%
1997 GoldenEye 007
17%
2013 Assassin's Creed IV Black Flag
12%
1998 Metal Gear Solid
10%
2010 Donkey Kong Country Returns
7%
2018 Fallout 76
7%
2017 Horizon Zero Down
7%
2025 ARC Riders
2%
1997 Diablo
2%
2010 Halo Reach
2%
Aucun quiz correspondant
Distribution des résultats
% des personnes avec chaque résultat
Percentile par nombre de réponses
Votre historique - résultats
Vous n’avez pas pris ce quiz